Library Banner

How vision works : (Record no. 110643)

MARC details
000 -LEADER
fixed length control field 00570cam a2200193 a 4500
001 - CONTROL NUMBER
control field 16990069
005 - DATE AND TIME OF LATEST TRANSACTION
control field 20190204103242.0
008 - FIXED-LENGTH DATA ELEMENTS--GENERAL INFORMATION
fixed length control field 111005s2012 nyua b 001 0 eng
020 ## - INTERNATIONAL STANDARD BOOK NUMBER
International Standard Book Number 9780199751617
040 ## - CATALOGING SOURCE
Transcribing agency PK-LaUMT
082 00 - DEWEY DECIMAL CLASSIFICATION NUMBER
Classification number 612.84
Edition number 23
Item number DAW-H
100 1# - MAIN ENTRY--PERSONAL NAME
Personal name Daw, Nigel
245 10 - TITLE STATEMENT
Title How vision works :
Remainder of title the physiological mechanisms behind what we see /
Statement of responsibility, etc BY Nigel Daw
260 ## - PUBLICATION, DISTRIBUTION, ETC. (IMPRINT)
Place of publication, distribution, etc New York :
Name of publisher, distributor, etc Oxford University Press,
Date of publication, distribution, etc 2012
300 ## - PHYSICAL DESCRIPTION
Extent ix, 274 p. :
Other physical details ill. (some col.) ;
Dimensions 25 cm.
650 #0 - SUBJECT ADDED ENTRY--TOPICAL TERM
Topical term or geographic name as entry element Vision.
650 #0 - SUBJECT ADDED ENTRY--TOPICAL TERM
Topical term or geographic name as entry element Visual perception.
942 ## - ADDED ENTRY ELEMENTS (KOHA)
Koha item type Books
Holdings
Withdrawn status Lost status Damaged status Home library Current library Date acquired Full call number Barcode Date last seen Price effective from Koha item type
      UMT Main Campus UMT Main Campus 2019-02-04 612.84 DAW-H 128109 2019-02-04 2019-02-04 Books